All MCU TV Shows - Statistics

General Stats
  • This quiz has been taken 21 times
  • The average score is 12 of 18
Answer Stats
Start Year Seasons Episodes Answer % Correct
2021 2 12 Loki
100%
2021 3 26 What If...?
100%
2021 1 9 WandaVision
89%
2021 1 6 Hawkeye
84%
2022 1 6 Moon Knight
79%
2022 1 9 She-Hulk: Attorney at Law
79%
2021 1 6 The Falcon and the Winter Soldier
79%
2022 2 (shorts) 10 I Am Groot
68%
2022 1 6 Ms. Marvel
68%
2024 1 5 Echo
63%
2023 1 6 Secret Invasion
63%
2024 1 9 Agatha All Along
58%
2025 1 6 Ironheart
58%
2025 1 9 Daredevil: Born Again
53%
2025 1 4 Eyes of Wakanda
47%
2022 1 (SP) 1 The Guardians of the Galaxy Holiday Special
47%
2022 1 (SP) 1 Werewolf by Night
47%
2025 1 10 Your Friendly Neighborhood Spider-Man
26%
No matching quizzes found
Score Distribution
Percent of People with Each Score
Percentile by Number Answered
Your Score History
You have not taken this quiz